Progressively Harder GoT Characters Quiz Stats

Quiz Updated Apr 9, 2015

Challenge
Share
Tweet
Score 0/40 Timer 10:00
6 Plays Today
% Correct
???
100%
???
97.1%
???
96%
???
94.9%
???
94.8%
???
94.5%
???
94%
???
94%
???
93.9%
???
93.6%
???
93.3%
???
93.2%
???
93%
???
92.7%
???
92.5%
???
91.9%
???
91.6%
???
91.3%
???
91.1%
???
90%
% Correct
???
88.6%
???
87.3%
???
85.5%
???
84.1%
???
84%
???
83.5%
???
82.6%
???
81.2%
???
78%
???
74.1%
???
71%
???
68.7%
???
65%
???
62.7%
???
61.5%
???
57.9%
???
49.7%
???
45.4%
???
43%
???
28.6%

You're not logged in!

Compare scores with friends on all Sporcle quizzes.
Join for Free
OR
Log In

You Might Also Like...

Show Comments

Extras

Top Quizzes Today


Score Distribution

Your Account Isn't Verified!

In order to create a playlist on Sporcle, you need to verify the email address you used during registration. Go to your Sporcle Settings to finish the process.

Report this User

Report this user for behavior that violates our Community Guidelines.

Details: